000 00274nam a22001217a 4500
008 170615b xxu||||| |||| 00| 0 eng d
041 _aeng
080 _a32
100 _a19
101 _aSHP
245 _aCHILD POVERITY AND UNDERVELOPMENT
_cRODGERS.G
942 _2udc
_cBK
999 _c17451
_d17451